书目信息 |
| 题名: |
中国近代思想家文库
|
|
| 作者: | 戴逸 主编 ;谢保成 , 魏红珊 , 潘素龙 编 | |
| 分册: | 郭沫若卷 | |
| 出版信息: | 北京 中国人民大学出版社 2014 |
|
| 页数: | 13,559页 | |
| 开本: | 23cm | |
| 丛书名: | ||
| 单 册: | ||
| 中图分类: | B250.5 | |
| 科图分类: | ||
| 主题词: | 思想史--Si Xiang Shi--研究--中国--近代 | |
| 电子资源: | ||
| ISBN: | 978-7-300-18839-3 | |
| 000 | 01280nam0 22003011 450 | |
| 001 | 350989 | |
| 005 | 20161017163027.28 | |
| 010 | @a978-7-300-18839-3@dCNY84.00 | |
| 100 | @a20150204d2014 em y0chiy50 ea | |
| 101 | 0 | @achi |
| 102 | @aCN@b110000 | |
| 105 | @ay z 000yd | |
| 106 | @ar | |
| 200 | 1 | @a中国近代思想家文库@AZhong Guo Jin Dai Si Xiang Jia Wen Ku@i郭沫若卷@f谢保成,魏红珊,潘素龙编 |
| 210 | @a北京@c中国人民大学出版社@d2014 | |
| 215 | @a13,559页@d23cm | |
| 300 | @a国家出版基金项目 | |
| 314 | @a主编:戴逸 | |
| 330 | @a本书分四部分选录郭沫若1949年以前代表作中的重要篇章:文学部分着重其由“自我表现”到“革命文学”,再到“人民本位”文艺观的转变;史学部分侧重其运用新兴科学观点,以“两重证据法”取得的重要成就;考占部分突出其甲骨文、金文研究的开拓性功绩和历史编纂思想;科学部分展示其“以大众化为其目标,以文学化为其手段”和“政治的民主化以为前提”的思想内容。 | |
| 600 | 0 | @a郭沫若@AGuo Mo Ruo@f(1892-1978)@j文集 |
| 606 | 0 | @a思想史@ASi Xiang Shi@x研究@y中国@z近代 |
| 690 | @aB250.5@v5 | |
| 701 | 0 | @a戴逸@ADai Yi@f(1926~)@4主编 |
| 702 | 0 | @a谢保成@AXie Bao Cheng@f(1943~)@4编 |
| 702 | 0 | @a魏红珊@AWei Hong Shan@c(女)@4编 |
| 702 | 0 | @a潘素龙@APan Su Long@f(1988~)@4编 |
| 801 | 0 | @aCN@bTANGWEI@c20160811 |
| 905 | @b0892671-4@dB250.5@e64:14@f4 | |
| 中国近代思想家文库.郭沫若卷/谢保成,魏红珊,潘素龙编 .-北京:中国人民大学出版社,2014 |
| 13,559页;23cm |
| 国家出版基金项目 |
| ISBN 978-7-300-18839-3:CNY84.00 |
| 本书分四部分选录郭沫若1949年以前代表作中的重要篇章:文学部分着重其由“自我表现”到“革命文学”,再到“人民本位”文艺观的转变;史学部分侧重其运用新兴科学观点,以“两重证据法”取得的重要成就;考占部分突出其甲骨文、金文研究的开拓性功绩和历史编纂思想;科学部分展示其“以大众化为其目标,以文学化为其手段”和“政治的民主化以为前提”的思想内容。 |
| ● |
| 相关链接 |
|
|
|
|
正题名:中国近代思想家文库
索取号:B250.5/64:14
 
预约/预借
| 序号 | 登录号 | 条形码 | 馆藏地/架位号 | 状态 | 备注 |
| 1 | 0892671 | 208926714 | 第一样本阅览室/ [索取号:B250.5/64:14] | 在馆 | |
| 2 | 0892672 | 208926723 | 第一借阅区/ [索取号:B250.5/64:14] | 在馆 | |
| 3 | 0892673 | 208926732 | 第一借阅区/ [索取号:B250.5/64:14] | 在馆 | |
| 4 | 0892674 | 208926741 | 第一借阅区/ [索取号:B250.5/64:14] | 在馆 |